Category Elimination - U.S. Metro Areas - Statistics

General Stats
  • This quiz has been taken 26,820 times
  • The average score is 15 of 20
Answer Stats
Group # Category % Correct
Green 66 Metro areas west of the Continental Divide
99%
Green 34 with a population over 250,000
99%
Green 20 that are not coastal
96%
Orange 71 Metro areas that are coastal
94%
Orange 47 east of the Mississippi River
94%
Orange 16 with a population over 1M or under 150k
93%
Blue 82 Metro Areas whose name contains the letter H
93%
Orange 6 in the Northeast
91%
Purple 92 Metro Areas whose name is more than 1 word
91%
Purple 82 whose name does not start with a vowel
91%
Green 8 over 1,000 feet in elevation
89%
Blue 20 in one of the 5 most populous states
88%
Orange 1 with more than 5 major sports teams New York City
88%
Purple 72 that is entirely in one state
87%
Purple 25 is the first, second, or third largest in its state
86%
Blue 14 over 100 feet in elevation
84%
Blue 11 with a population under 1 million
31%
Purple 1 above 7,000 feet in elevation Santa Fe
19%
Green 1 that borders a National Park Tucson
16%
Blue 1 named after a location in Greece Ithaca
6%
No matching quizzes found
Score Distribution
Percent of People with Each Score
Percentile by Number Answered
Your Score History
You have not taken this quiz